000 00813nam a2200229 i 4500
001 8810
003 ES-MaACL
005 20250805054834.0
008 921001s1992 sp |||| |bspa d
020 _a84-87204-40-6
080 _a92 Carlos(46)I
080 _a9(46)"1517/1556"
100 1 _aCadenas y Vicent, Vicente de.
_933391
245 1 0 _aDiario del emperador Carlos V
_b: itinerarios, permanencias, despacho, sucesos y efemérides relevantes de su vida /
_cVicente de Cadenas y Vicent.
260 _aMadrid :
_bHidalguía,
_c1992.
300 _a426 p. ;
_c25 cm.
504 _aBibliografía: p. 409-426.
600 0 4 _aCarlos
_bI,
_cRey de España-
_xBiografías
_935297
651 4 _aEspaña-
_xHistoria-
_y1516-1556, Carlos I.
_98224
852 _aES-MaACL
_jL-16160
999 _c8810
_d8810